Länder Europas - Eine Minute Sprint - Statistiken

Allgemein
  • Dieses Quiz wurde 2.848 mal gespielt
  • Das Durchschnittsergebnis liegt bei 27 aus 45
Antworten auf der Karte
Die Antworten werden auf der Karte rot bzw. grün angezeigt, abhängig davon wie oft sie richtig erraten wurden.
 
Antwortstatistiken
Country % Korrekt
Deutschland
91%
Schweden
91%
Norwegen
90%
Island
89%
Spanien
89%
Irland
88%
Finnland
87%
Frankreich
87%
Portugal
83%
Italien
81%
Polen
80%
Russland
80%
Belgien
79%
Schweiz
75%
Estland
74%
Niederlande
74%
Lettland
72%
Litauen
72%
Dänemark
69%
Österreich
64%
Ukraine
63%
Vereinigtes Königreich
61%
Andorra
60%
Weißrussland
58%
Tschechien
55%
Luxemburg
52%
Monaco
52%
Vatikanstadt
48%
San Marino
47%
Slowakei
43%
Liechtenstein
42%
Malta
42%
Serbien
42%
Slowenien
42%
Ungarn
42%
Griechenland
41%
Rumänien
41%
Bulgarien
39%
Kroatien
39%
Albanien
38%
Kosovo
34%
Moldawien
33%
Bosnien und Herzegowina
31%
Montenegro
18%
Mazedonien
15%
Keine übereinstimmenden Quizze gefunden
Verteilung der Resultate
Anzahl Personen mit jedem Resultat
Perzentil nach korrekt beantworteten Fragen
Ihre Resultats-Entwicklung
Sie haben dieses Quiz noch nicht gespielt